| 000 | 01265nam a22002775i 4500 | ||
|---|---|---|---|
| 001 | 53370 | ||
| 003 | ES-MaACL | ||
| 005 | 20250628014704.0 | ||
| 007 | t| | ||
| 008 | 950921s1845 sp ||||1| spa d | ||
| 080 | _a929 Isabel (460)II(0:82) | ||
| 080 | _a821.134.2(729.1)-14"18" | ||
| 245 | 0 | 0 |
_aComposiciones poéticas en elogio de la augusta clemencia de nuestra Excelsa Reina Doña Isabel II : _bpremiadas por el Liceo Artístico y Literario de esta Corte, en el certamen público propuesto por el señor Vicente Bertrán de Lis, donador de los premios. |
| 260 |
_aMadrid : _b[s.n.], _c1845 ( _fImp. Nacional) |
||
| 300 |
_a20, [2] p. ; _c21 cm. |
||
| 505 | 8 | _aContiene: Oda / Felipe de Escalada . La clemencia: oda / Gertrudis Gómez de Avellaneda | |
| 530 | _aDisponible en formato digital. | ||
| 600 | 0 | 4 |
_aIsabel _bII, _cReina de España- _vPoesías. _9164359 |
| 700 | 1 |
_aBertrán de Lis, Vicente. _928504 |
|
| 700 | 1 |
_aEscalada, Felipe de. _947459 |
|
| 700 | 1 |
_aGómez de Avellaneda, Gertrudis, _d1814-1873 _957886 |
|
| 710 | 2 |
_aLiceo Artístico y Literario de Madrid. _95525 |
|
| 852 | 4 |
_aES-MaACL _jT-21-F-14 |
|
| 856 | 4 |
_uhttp://bdh-rd.bne.es/viewer.vm?id=0000117821&page=1 _zBiblioteca Digital Hispánica |
|
| 999 |
_c53370 _d53370 |
||